<?xml version="1.0" encoding="UTF-8"?>
<collection xmlns="http://www.loc.gov/MARC21/slim">
 <record>
  <leader>00862aam a22002058a 4500</leader>
  <controlfield tag="001">NCT_13565</controlfield>
  <controlfield tag="008">141125s2004              ||||||eng d</controlfield>
  <datafield tag="999" ind1=" " ind2=" ">
   <subfield code="c">646</subfield>
   <subfield code="d">646</subfield>
  </datafield>
  <datafield tag="020" ind1=" " ind2=" ">
   <subfield code="c">171000</subfield>
  </datafield>
  <datafield tag="082" ind1="0" ind2="4">
   <subfield code="2">23rd ed.</subfield>
   <subfield code="a">420</subfield>
   <subfield code="b">B356</subfield>
  </datafield>
  <datafield tag="100" ind1="1" ind2=" ">
   <subfield code="a">Dimond-Bayir, Stephanie </subfield>
  </datafield>
  <datafield tag="245" ind1="1" ind2="0">
   <subfield code="a">Writing for IELTS :</subfield>
   <subfield code="b">6.0 - 7.5 with answer key</subfield>
   <subfield code="c">Stephanie Dimond-Bayir</subfield>
  </datafield>
  <datafield tag="260" ind1=" " ind2=" ">
   <subfield code="b">MacMillan</subfield>
   <subfield code="c">2014</subfield>
  </datafield>
  <datafield tag="300" ind1=" " ind2=" ">
   <subfield code="a">107 p.</subfield>
   <subfield code="c">27 cm</subfield>
  </datafield>
  <datafield tag="490" ind1=" " ind2=" ">
   <subfield code="a">Immprove your skills</subfield>
  </datafield>
  <datafield tag="653" ind1=" " ind2=" ">
   <subfield code="a">Khoa học cơ bản</subfield>
  </datafield>
  <datafield tag="942" ind1=" " ind2=" ">
   <subfield code="2">ddc</subfield>
   <subfield code="c">BK</subfield>
  </datafield>
  <datafield tag="952" ind1=" " ind2=" ">
   <subfield code="0">0</subfield>
   <subfield code="1">0</subfield>
   <subfield code="2">ddc</subfield>
   <subfield code="4">0</subfield>
   <subfield code="6">420_000000000000000_B356</subfield>
   <subfield code="7">0</subfield>
   <subfield code="9">4861</subfield>
   <subfield code="a">000001</subfield>
   <subfield code="b">000001</subfield>
   <subfield code="d">2017-11-30</subfield>
   <subfield code="o">420 B356</subfield>
   <subfield code="p">MD.03179</subfield>
   <subfield code="r">2017-11-30</subfield>
   <subfield code="v">171000.00</subfield>
   <subfield code="w">2017-11-30</subfield>
   <subfield code="y">BK</subfield>
  </datafield>
  <datafield tag="952" ind1=" " ind2=" ">
   <subfield code="0">0</subfield>
   <subfield code="1">0</subfield>
   <subfield code="2">ddc</subfield>
   <subfield code="4">0</subfield>
   <subfield code="6">420_000000000000000_B356</subfield>
   <subfield code="7">0</subfield>
   <subfield code="9">4862</subfield>
   <subfield code="a">000001</subfield>
   <subfield code="b">000001</subfield>
   <subfield code="d">2017-11-30</subfield>
   <subfield code="l">4</subfield>
   <subfield code="o">420 B356</subfield>
   <subfield code="p">MD.03180</subfield>
   <subfield code="r">2020-12-08</subfield>
   <subfield code="s">2020-11-25</subfield>
   <subfield code="v">171000.00</subfield>
   <subfield code="w">2017-11-30</subfield>
   <subfield code="y">BK</subfield>
  </datafield>
  <datafield tag="980" ind1=" " ind2=" ">
   <subfield code="a">Thư viện Trường Đại học Nam Cần Thơ</subfield>
  </datafield>
 </record>
</collection>
